| 000 | 00602nam a2200217Ia 4500 | ||
|---|---|---|---|
| 008 | 160404s9999 xx 000 0 und d | ||
| 020 | _a971-23-0367-5 | ||
| 050 | _aFIL HF 5686.C7 | ||
| 050 | _b.M37 1989 | ||
| 100 | _aMariano, Norma D. L. | ||
| 245 | _aAccounting fundamentals for partnerships and corporations / | ||
| 245 | _cNorma D. L. Mariano. | ||
| 260 | _aManila : | ||
| 260 | _bRex Book Store, Inc., | ||
| 260 | _c1989 | ||
| 300 | _a348 pages : | ||
| 300 | _billustrations ; | ||
| 300 | _c25 cm. | ||
| 650 | _aPartnerships -- Accounting. | ||
| 650 | _xCorporations -- Accounting. | ||
| 999 |
_c293241 _d293241 |
||